000 01187nam0a22002531 4500
001 rc\1122138
005 20041126174440.7
035 _a(NLR Aleph) 006365000
090 _a4941382
_c4941382
100 _a20041126d1981 u |0rusy50 ca
101 0 _arus
102 _aRU
105 _aa |||||||||
200 1 _aКомплекс программ автоматизированного расчета систем вентиляции, аспирации и пневмотранспорта. Описание. (ПАУК-Р)
_f[Дульнев Л.С. и др.]
210 _aМ.
_cЦНИПИАСС
_d1981
215 _a37 с., 2 л. табл.
_d20
225 1 _aИнженерно-технический раздел
_fЦентр. н.-и. и проект.-эксперим. ин-т автоматизир. систем в стр-ве, Фонд алгоритмов и программ для ЭВМ (в отрасли "Стр-во")
_vВып. 1-254. ЕС-1020, ДОС, Фортран
320 _aБиблиогр.: с. 36
702 1 _aДульнев
_bЛ. С.
_4220
801 0 _aRU
_bNLR
_gpsbo
801 1 _aRU
_bELAR
_2rusmarc
852 _aNLR
_j65-4/6081-1-254
942 _cBOOK
980 _aNB